Liedtext - Rennen + Stolpern - Jupiter Jones - Statistiken

Allgemein
  • Dieses Quiz wurde 24 mal gespielt
  • Das Durchschnittsergebnis liegt bei 87 aus 255
Antwortstatistiken
Textquiz % Korrekt
rennen
95%
stolpern
95%
und
90%
Und
90%
das
81%
der
81%
Wir
81%
wir
81%
Die
71%
Ich
71%
nicht
71%
können
67%
Wenn
67%
so
62%
uns
57%
mit
52%
wie
52%
an
48%
ist
48%
Liebe
48%
mich
43%
Was
43%
was
43%
wo
43%
ja
38%
mehr
38%
von
38%
vor
38%
Alles
33%
alles
33%
dürfen
33%
ob
33%
über
33%
weil
33%
Weil
33%
dir
29%
Für
29%
geht
29%
haben
29%
kommt
29%
Man
29%
man
29%
nichts
29%
noch
29%
zum
29%
fangen
24%
gern
24%
immer
24%
jeden
24%
oder
24%
vorne
24%
weiter
24%
wieso
24%
wissen
24%
nur
19%
wird
19%
Zeit
19%
Ärzten
14%
frag
14%
Gefühle
14%
gut
14%
Höchstens
14%
lässt
14%
Lasst
14%
Lippen
14%
mal
14%
Puls
14%
rast
14%
schwer
14%
sich
14%
spricht
14%
verloren
14%
erinnern
10%
genau
10%
hier
10%
jeder
10%
Kopf
10%
schon
10%
vergisst
10%
verstehen
10%
waren
10%
würd'
10%
Angst
5%
einfach
5%
gewesen
5%
Hals
5%
hat's
5%
längst
5%
oft
5%
Punkt
5%
tut
5%
wir's
5%
woanders
5%
zählt
5%
furchtlos
0%
geschworen
0%
heil
0%
irgendwann
0%
Kitsch
0%
lassen
0%
man's
0%
reicht
0%
schwören
0%
selten
0%
Sowas
0%
vermisst
0%
versprechen
0%
Wohin
0%
Keine übereinstimmenden Quizze gefunden
Verteilung der Resultate
Anzahl Personen mit jedem Resultat
Perzentil nach korrekt beantworteten Fragen
Ihre Resultats-Entwicklung
Sie haben dieses Quiz noch nicht gespielt